1997-1998 Economía y trabajo en Chile

I tiakina i:
Ngā taipitopito rārangi puna kōrero
Kaituhi matua: Fernández, Margarita (Author)
Hōputu: Pukapuka
Reo:Pāniora
I whakaputaina: Santiago PET 1998
Rangatū:Informe anual, 7
Ngā marau:
Ngā Tūtohu: Tāpirihia he Tūtohu
Kāore He Tūtohu, Me noho koe te mea tuatahi ki te tūtohu i tēnei pūkete!

MARC

LEADER 00000nam a2200000 a 4500
001 UCQ4192
003 CL-VaPUC
008 980904e19980000CL |||||||||||||||||spa|d
082 0 4 |a 331.0983  |b FER  |2 21 
100 0 |a Fernández, Margarita  |e author  |9 418448 
245 1 0 |a 1997-1998 Economía y trabajo en Chile 
300 |a 292 p 
942 |c BK 
945 |d 19980904 00:00:00  |a mvenant 
260 |a Santiago  |b PET  |c 1998 
650 7 |a ECONOMIA DEL TRABAJO  |2 CL-VaPUC  |9 320317 
650 0 |a Trabajo  |9 313876 
650 0 |a Trabajadores  |9 260887 
650 7 |a RELACIONES INDUSTRIALES  |2 CL-VaPUC  |9 418449 
650 7 |a SINDICALISMO  |2 CL-VaPUC  |9 418450 
650 0 |a Relaciones laborales   |9 335971 
650 7 |a NIÑOS TRABAJADORES  |2 CL-VaPUC  |9 418451 
650 0 |a Mujeres trabajadoras  |9 259236 
651 7 |a CHILE  |2 CL-VaPUC  |9 418452 
583 |a last modification  |c 19980904 00:00:00  |k Rodrigo Vera 
490 0 |a Informe anual, 7 
999 |c 274618  |d 274616 
952 |0 0  |1 0  |4 0  |6 331_098300000000000_FER_1998  |7 0  |8 A  |9 310890  |a BIBDER  |b BIBDER  |d 2019-11-20  |i 3458598  |o 331.0983 FER 1998  |p 3458598  |r 2023-01-25  |w 2019-11-20  |y BK  |k DER